书目信息 |
| 题名: |
稳态微聚束储存环纵向强聚焦研究
|
|
| 作者: | 张耀 著 | |
| 分册: | ||
| 出版信息: | 北京 清华大学出版社 2025.03 |
|
| 页数: | 21, 158页, [9] 页图版 | |
| 开本: | 24cm | |
| 丛书名: | 清华大学优秀博士学位论文丛书 | |
| 单 册: | ||
| 中图分类: | TL594 | |
| 科图分类: | ||
| 主题词: | 聚束--ju shu--贮存环--研究 | |
| 电子资源: | ||
| ISBN: | 978-7-302-68111-3 | |
| 000 | 01282nam 2200289 450 | |
| 001 | 94001 | |
| 005 | 20250819193952.09 | |
| 010 | @a978-7-302-68111-3@b精装@dCNY99.00 | |
| 100 | @a20250409d2025 em y0chiy50 ea | |
| 101 | 0 | @achi |
| 102 | @aCN@b110000 | |
| 105 | @aaf a 000yy | |
| 106 | @ar | |
| 200 | 1 | @a稳态微聚束储存环纵向强聚焦研究@Awen tai wei ju shu chu cun huan zong xiang qiang ju jiao yan jiu@d= Research on longitudinal strong focusing SSMB ring@f张耀著@zeng |
| 210 | @a北京@c清华大学出版社@d2025.03 | |
| 215 | @a21, 158页, [9] 页图版@c图@d24cm | |
| 225 | 2 | @a清华大学优秀博士学位论文丛书@Aqing hua da xue you xiu bo shi xue wei lun wen cong shu |
| 314 | @a张耀, 重庆大学超瞬态装置实验室副研究员, 2022年毕业于清华大学工程物理系, 获博士学位。 | |
| 320 | @a有书目 (第146-156页) | |
| 330 | @a本书围绕稳态微聚束 (SSMB), 深入探讨了储存环在双激光调制器作用下的SSMB纵向动力学, 开展了SSMB纵向强聚焦储存环设计, 可将微束团长度压缩至纳米量级, 并产生高平均功率极紫外辐射。 | |
| 410 | 0 | @12001 @a清华大学优秀博士学位论文丛书 |
| 510 | 1 | @aResearch on longitudinal strong focusing SSMB ring@zeng |
| 606 | 0 | @a聚束@Aju shu@x贮存环@x研究 |
| 690 | @aTL594@v5 | |
| 701 | 0 | @a张耀@Azhang yao@4著 |
| 801 | 0 | @aCN@c20250909 |
| 905 | @a河南城建学院图书馆@dTL594@eZ226@f1 | |
| 稳态微聚束储存环纵向强聚焦研究= Research on longitudinal strong focusing SSMB ring/张耀著.-北京:清华大学出版社,2025.03 |
| 21, 158页, [9] 页图版:图;24cm.-(清华大学优秀博士学位论文丛书) |
| ISBN 978-7-302-68111-3(精装):CNY99.00 |
| 本书围绕稳态微聚束 (SSMB), 深入探讨了储存环在双激光调制器作用下的SSMB纵向动力学, 开展了SSMB纵向强聚焦储存环设计, 可将微束团长度压缩至纳米量级, 并产生高平均功率极紫外辐射。 |
| ● |
| 相关链接 |
|
|
|
正题名:稳态微聚束储存环纵向强聚焦研究
索取号:TL594/Z226
 
预约/预借
| 序号 | 登录号 | 条形码 | 馆藏地/架位号 | 状态 | 备注 |
| 1 | 1627929 | 216279293 | 自科库501/501自科库 136排8列6层/ [索取号:TL594/Z226] | 在馆 |